[Event "DVM U20 2021"]
[Site "Kiel GER"]
[Date "2022.07.23"]
[Round "2"]
[White "Eurich, Jannik"]
[Black "Schäfer, Daniel"]
[Result "1-0"]
[Termination "normal"]
[Board "4.1"]
[WhiteElo "1957"]
[BlackElo "1793"]
[WhiteClock "00:05:48"]
[BlackClock "00:02:15"]
[WhiteTeam "SK Langen"]
[BlackTeam "Heilbronner SV"]
[PlyCount "71"]
[WhiteFideId "16265459"]
[BlackFideId "16235088"]
[EventCountry "GER"]
[EventRounds "7"]
[EventType "team-swiss"]
[EventDate "2022.07.22"]

1. e4 {[%clk 01:30:57]} {[%emt 00:00:02]} e5 {[%clk 01:30:57]} {[%emt
00:00:03]} 2. Nf3 {[%clk 01:31:21]} {[%emt 00:00:06]} Nc6 {[%clk 01:31:26]}
{[%emt 00:00:02]} 3. Bb5 {[%clk 01:31:44]} {[%emt 00:00:06]} a6 {[%clk
01:31:54]} {[%emt 00:00:02]} 4. Ba4 {[%clk 01:32:09]} {[%emt 00:00:06]} Nf6
{[%clk 01:32:21]} {[%emt 00:00:03]} 5. O-O {[%clk 01:32:33]} {[%emt 00:00:05]}
Be7 {[%clk 01:32:49]} {[%emt 00:00:02]} 6. Re1 {[%clk 01:32:41]} {[%emt
00:00:22]} b5 {[%clk 01:33:17]} {[%emt 00:00:02]} 7. Bb3 {[%clk 01:33:08]}
{[%emt 00:00:03]} d6 {[%clk 01:33:43]} {[%emt 00:00:04]} 8. c3 {[%clk
01:33:01]} {[%emt 00:00:38]} O-O {[%clk 01:34:09]} {[%emt 00:00:03]} 9. h3
{[%clk 01:33:08]} {[%emt 00:00:23]} Nb8 {[%clk 01:34:29]} {[%emt 00:00:11]} 10.
d4 {[%clk 01:32:43]} {[%emt 00:00:54]} Nbd7 {[%clk 01:34:56]} {[%emt 00:00:03]}
11. Nbd2 {[%clk 01:30:26]} {[%emt 00:02:47]} c5 {[%clk 01:35:24]} {[%emt
00:00:03]} 12. d5 {[%clk 01:29:57]} {[%emt 00:00:58]} c4 {[%clk 01:35:52]}
{[%emt 00:00:02]} 13. Bc2 {[%clk 01:30:21]} {[%emt 00:00:07]} Nc5 {[%clk
01:34:39]} {[%emt 00:01:42]} 14. Nf1 {[%clk 01:28:00]} {[%emt 00:02:50]} Qc7
{[%clk 01:31:00]} {[%emt 00:04:10]} 15. Ng3 {[%clk 01:26:04]} {[%emt 00:02:27]}
Re8 {[%clk 01:29:46]} {[%emt 00:01:44]} 16. Nh4 {[%clk 01:18:53]} {[%emt
00:07:41]} g6 {[%clk 01:17:38]} {[%emt 00:12:38]} 17. Nf3 {[%clk 01:14:50]}
{[%emt 00:04:32]} Bf8 {[%clk 01:17:05]} {[%emt 00:01:03]} 18. Bg5 {[%clk
01:11:26]} {[%emt 00:03:54]} Nfd7 {[%clk 01:11:52]} {[%emt 00:05:43]} 19. Qd2
{[%clk 01:04:14]} {[%emt 00:07:42]} Rb8 {[%clk 00:58:18]} {[%emt 00:14:05]} 20.
b4 {[%clk 00:53:56]} {[%emt 00:10:48]} cxb3 {[%clk 00:56:31]} {[%emt 00:02:17]}
21. axb3 {[%clk 00:54:05]} {[%emt 00:00:20]} Nb6 {[%clk 00:51:46]} {[%emt
00:05:15]} 22. h4 {[%clk 00:48:44]} {[%emt 00:05:51]} a5 {[%clk 00:46:11]}
{[%emt 00:06:05]} 23. Be3 {[%clk 00:37:33]} {[%emt 00:11:41]} a4 {[%clk
00:36:49]} {[%emt 00:09:52]} 24. Bxc5 {[%clk 00:34:26]} {[%emt 00:03:37]} Qxc5
{[%clk 00:36:55]} {[%emt 00:00:24]} 25. bxa4 {[%clk 00:34:22]} {[%emt
00:00:34]} Nxa4 {[%clk 00:37:04]} {[%emt 00:00:21]} 26. Bxa4 {[%clk 00:34:26]}
{[%emt 00:00:27]} bxa4 {[%clk 00:37:30]} {[%emt 00:00:03]} 27. Rxa4 {[%clk
00:34:21]} {[%emt 00:00:36]} Bd7 {[%clk 00:34:09]} {[%emt 00:03:50]} 28. Rb4
{[%clk 00:32:42]} {[%emt 00:02:09]} Rec8 {[%clk 00:25:04]} {[%emt 00:09:35]}
29. Reb1 {[%clk 00:28:54]} {[%emt 00:04:18]} Ra8 {[%clk 00:22:28]} {[%emt
00:03:05]} 30. c4 {[%clk 00:26:42]} {[%emt 00:02:43]} Ra3 {[%clk 00:20:03]}
{[%emt 00:02:55]} 31. Kh2 {[%clk 00:19:27]} {[%emt 00:07:45]} Rca8 {[%clk
00:12:34]} {[%emt 00:07:59]} 32. R1b2 {[%clk 00:18:40]} {[%emt 00:01:17]} R8a4
{[%clk 00:09:58]} {[%emt 00:03:06]} 33. Rb8 {[%clk 00:07:16]} {[%emt 00:11:54]}
Rxc4 {[%clk 00:04:07]} {[%emt 00:06:21]} 34. Qg5 {[%clk 00:05:52]} {[%emt
00:01:54]} Rc2 {[%clk 00:01:49]} {[%emt 00:02:48]} 35. Rxc2 {[%clk 00:05:27]}
{[%emt 00:00:55]} Qxc2 {[%clk 00:02:15]} {[%emt 00:00:04]} 36. Qd8 {[%clk
00:05:48]} {[%emt 00:00:09]} 1-0

[Event "DVM U20 2021"]
[Site "Kiel GER"]
[Date "2022.07.23"]
[Round "2"]
[White "Dietzel, Lukas"]
[Black "Renk, Jonas"]
[Result "1-0"]
[Termination "normal"]
[Board "4.2"]
[WhiteElo "1564"]
[BlackElo "1897"]
[WhiteClock "00:17:27"]
[BlackClock "00:20:19"]
[WhiteTeam "Heilbronner SV"]
[BlackTeam "SK Langen"]
[PlyCount "117"]
[WhiteFideId "16284313"]
[BlackFideId "16209460"]
[EventCountry "GER"]
[EventRounds "7"]
[EventType "team-swiss"]
[EventDate "2022.07.22"]

1. e4 {[%clk 01:30:56]} {[%emt 00:00:04]} c5 {[%clk 01:30:51]} {[%emt
00:00:10]} 2. c3 {[%clk 01:31:22]} {[%emt 00:00:04]} d5 {[%clk 01:31:02]}
{[%emt 00:00:18]} 3. exd5 {[%clk 01:31:12]} {[%emt 00:00:40]} Qxd5 {[%clk
01:31:22]} {[%emt 00:00:11]} 4. d4 {[%clk 01:31:09]} {[%emt 00:00:33]} Nf6
{[%clk 01:30:41]} {[%emt 00:01:10]} 5. Nf3 {[%clk 01:30:37]} {[%emt 00:01:03]}
e6 {[%clk 01:29:33]} {[%emt 00:01:37]} 6. Na3 {[%clk 01:29:19]} {[%emt
00:01:49]} cxd4 {[%clk 01:27:00]} {[%emt 00:03:03]} 7. Nb5 {[%clk 01:28:13]}
{[%emt 00:01:34]} Qd8 {[%clk 01:26:20]} {[%emt 00:01:10]} 8. Nbxd4 {[%clk
01:26:31]} {[%emt 00:02:14]} Be7 {[%clk 01:25:15]} {[%emt 00:01:34]} 9. Qc2
{[%clk 01:22:10]} {[%emt 00:04:51]} Nbd7 {[%clk 01:22:06]} {[%emt 00:03:39]}
10. Bd3 {[%clk 01:20:09]} {[%emt 00:02:31]} Qc7 {[%clk 01:20:06]} {[%emt
00:02:30]} 11. h4 {[%clk 01:14:05]} {[%emt 00:06:34]} a6 {[%clk 01:16:08]}
{[%emt 00:04:28]} 12. Bg5 {[%clk 01:06:26]} {[%emt 00:08:10]} Nc5 {[%clk
01:10:40]} {[%emt 00:05:56]} 13. h5 {[%clk 00:56:50]} {[%emt 00:10:07]} e5
{[%clk 01:01:32]} {[%emt 00:09:38]} 14. Nf5 {[%clk 00:46:21]} {[%emt 00:10:59]}
e4 {[%clk 00:54:38]} {[%emt 00:07:24]} 15. Bxe4 {[%clk 00:44:21]} {[%emt
00:02:31]} O-O {[%clk 00:41:01]} {[%emt 00:14:06]} 16. Bd3 {[%clk 00:39:29]}
{[%emt 00:05:22]} Nxd3+ {[%clk 00:36:57]} {[%emt 00:04:34]} 17. Qxd3 {[%clk
00:38:26]} {[%emt 00:01:32]} Bxf5 {[%clk 00:35:04]} {[%emt 00:02:24]} 18. Qxf5
{[%clk 00:35:32]} {[%emt 00:03:25]} Rad8 {[%clk 00:31:08]} {[%emt 00:04:25]}
19. Bxf6 {[%clk 00:32:41]} {[%emt 00:03:21]} Bxf6 {[%clk 00:31:23]} {[%emt
00:00:15]} 20. O-O {[%clk 00:32:19]} {[%emt 00:00:51]} Qb6 {[%clk 00:30:17]}
{[%emt 00:01:36]} 21. Rab1 {[%clk 00:27:11]} {[%emt 00:05:39]} Rd6 {[%clk
00:29:06]} {[%emt 00:01:41]} 22. Ng5 {[%clk 00:26:04]} {[%emt 00:01:37]} g6
{[%clk 00:26:32]} {[%emt 00:03:04]} 23. Qf4 {[%clk 00:25:07]} {[%emt 00:01:27]}
Rd5 {[%clk 00:24:40]} {[%emt 00:02:22]} 24. Ne4 {[%clk 00:23:30]} {[%emt
00:02:07]} Rf5 {[%clk 00:23:03]} {[%emt 00:02:06]} 25. Nxf6+ {[%clk 00:21:25]}
{[%emt 00:02:36]} Qxf6 {[%clk 00:23:20]} {[%emt 00:00:14]} 26. Qe4 {[%clk
00:19:13]} {[%emt 00:02:41]} Rxh5 {[%clk 00:22:49]} {[%emt 00:01:01]} 27. Rbd1
{[%clk 00:18:54]} {[%emt 00:00:48]} Qg7 {[%clk 00:20:26]} {[%emt 00:02:54]} 28.
Rd5 {[%clk 00:16:57]} {[%emt 00:02:27]} g5 {[%clk 00:18:02]} {[%emt 00:02:53]}
29. Rd6 {[%clk 00:15:12]} {[%emt 00:02:16]} f6 {[%clk 00:17:34]} {[%emt
00:00:58]} 30. Rfd1 {[%clk 00:13:57]} {[%emt 00:01:45]} Qh6 {[%clk 00:17:24]}
{[%emt 00:00:39]} 31. g3 {[%clk 00:13:20]} {[%emt 00:01:09]} Kh8 {[%clk
00:15:11]} {[%emt 00:02:42]} 32. Rd8 {[%clk 00:12:06]} {[%emt 00:01:44]} g4
{[%clk 00:11:52]} {[%emt 00:03:49]} 33. Rxf8+ {[%clk 00:10:47]} {[%emt
00:01:49]} Qxf8 {[%clk 00:12:13]} {[%emt 00:00:09]} 34. Qxg4 {[%clk 00:10:55]}
{[%emt 00:00:21]} Rg5 {[%clk 00:11:12]} {[%emt 00:01:32]} 35. Qe4 {[%clk
00:09:51]} {[%emt 00:01:34]} Rg8 {[%clk 00:10:38]} {[%emt 00:01:03]} 36. Rd7
{[%clk 00:09:03]} {[%emt 00:01:18]} Qh6 {[%clk 00:10:42]} {[%emt 00:00:27]} 37.
Rxb7 {[%clk 00:07:56]} {[%emt 00:01:38]} Qh3 {[%clk 00:09:25]} {[%emt
00:01:45]} 38. Qg2 {[%clk 00:06:58]} {[%emt 00:01:29]} Qf5 {[%clk 00:08:49]}
{[%emt 00:01:06]} 39. Qc6 {[%clk 00:03:01]} {[%emt 00:04:26]} h5 {[%clk
00:05:53]} {[%emt 00:03:27]} 40. Rb4 {[%clk 00:01:24]} {[%emt 00:02:06]} Qe5
{[%clk 00:04:40]} {[%emt 00:01:43]} 41. Qe4 {[%clk 00:30:20]} {[%emt 00:01:34]}
Qg5 {[%clk 00:31:52]} {[%emt 00:03:17]} 42. Qf4 {[%clk 00:28:59]} {[%emt
00:01:52]} Qg6 {[%clk 00:30:49]} {[%emt 00:01:33]} 43. Rb8 {[%clk 00:27:16]}
{[%emt 00:02:13]} Rxb8 {[%clk 00:30:26]} {[%emt 00:00:53]} 44. Qxb8+ {[%clk
00:27:41]} {[%emt 00:00:06]} Kh7 {[%clk 00:30:44]} {[%emt 00:00:12]} 45. Qb7+
{[%clk 00:26:25]} {[%emt 00:01:46]} Kh6 {[%clk 00:29:55]} {[%emt 00:01:19]} 46.
Kg2 {[%clk 00:24:27]} {[%emt 00:02:28]} h4 {[%clk 00:29:40]} {[%emt 00:00:45]}
47. Qf3 {[%clk 00:23:21]} {[%emt 00:01:34]} Qb1 {[%clk 00:25:16]} {[%emt
00:04:55]} 48. Qxf6+ {[%clk 00:23:06]} {[%emt 00:00:44]} Kh7 {[%clk 00:25:19]}
{[%emt 00:00:28]} 49. Qxh4+ {[%clk 00:23:11]} {[%emt 00:00:25]} Kg8 {[%clk
00:25:00]} {[%emt 00:00:48]} 50. Qc4+ {[%clk 00:20:16]} {[%emt 00:03:26]} Kf8
{[%clk 00:25:01]} {[%emt 00:00:28]} 51. b4 {[%clk 00:19:56]} {[%emt 00:00:51]}
Qc2 {[%clk 00:24:30]} {[%emt 00:01:02]} 52. g4 {[%clk 00:19:31]} {[%emt
00:00:55]} Qd1 {[%clk 00:22:12]} {[%emt 00:02:46]} 53. Qd4 {[%clk 00:18:21]}
{[%emt 00:01:41]} Qa4 {[%clk 00:21:30]} {[%emt 00:01:11]} 54. g5 {[%clk
00:17:44]} {[%emt 00:01:08]} Qc6+ {[%clk 00:21:09]} {[%emt 00:00:50]} 55. Kg3
{[%clk 00:17:37]} {[%emt 00:00:38]} Qh1 {[%clk 00:20:10]} {[%emt 00:01:28]} 56.
Qd8+ {[%clk 00:16:25]} {[%emt 00:01:43]} Kg7 {[%clk 00:19:47]} {[%emt
00:00:53]} 57. Qf6+ {[%clk 00:16:41]} {[%emt 00:00:15]} Kg8 {[%clk 00:20:02]}
{[%emt 00:00:15]} 58. Qg6+ {[%clk 00:17:03]} {[%emt 00:00:08]} Kh8 {[%clk
00:20:19]} {[%emt 00:00:11]} 59. Qh6+ {[%clk 00:17:27]} {[%emt 00:00:07]} 1-0

[Event "DVM U20 2021"]
[Site "Kiel GER"]
[Date "2022.07.23"]
[Round "2"]
[White "Buchholz, Maja"]
[Black "Wolff, Calvin"]
[Result "1-0"]
[Termination "normal"]
[Board "4.3"]
[WhiteElo "1879"]
[BlackElo "1390"]
[WhiteClock "01:14:22"]
[BlackClock "01:09:23"]
[WhiteTeam "SK Langen"]
[BlackTeam "Heilbronner SV"]
[PlyCount "39"]
[WhiteFideId "16200500"]
[BlackFideId "16269969"]
[EventCountry "GER"]
[EventRounds "7"]
[EventType "team-swiss"]
[EventDate "2022.07.22"]

1. c4 {[%clk 01:30:58]} e6 {[%clk 01:30:49]} {[%emt 00:00:12]} 2. g3 {[%clk
01:31:21]} {[%emt 00:00:07]} d5 {[%clk 01:30:44]} {[%emt 00:00:36]} 3. Bg2
{[%clk 01:31:45]} {[%emt 00:00:05]} Nf6 {[%clk 01:31:06]} {[%emt 00:00:09]} 4.
Nf3 {[%clk 01:32:06]} {[%emt 00:00:08]} c5 {[%clk 01:31:18]} {[%emt 00:00:18]}
5. cxd5 {[%clk 01:32:26]} {[%emt 00:00:10]} exd5 {[%clk 01:31:24]} {[%emt
00:00:25]} 6. d4 {[%clk 01:32:42]} {[%emt 00:00:13]} Nc6 {[%clk 01:30:55]}
{[%emt 00:01:00]} 7. O-O {[%clk 01:32:57]} {[%emt 00:00:14]} Bg4 {[%clk
01:29:57]} {[%emt 00:01:29]} 8. dxc5 {[%clk 01:26:43]} {[%emt 00:06:44]} Bxc5
{[%clk 01:30:04]} {[%emt 00:00:22]} 9. Bg5 {[%clk 01:24:58]} {[%emt 00:02:14]}
Bxf3 {[%clk 01:29:47]} {[%emt 00:00:49]} 10. Bxf3 {[%clk 01:25:01]} {[%emt
00:00:26]} Bd4 {[%clk 01:30:01]} {[%emt 00:00:16]} 11. Qb3 {[%clk 01:23:53]}
{[%emt 00:01:38]} Qd7 {[%clk 01:29:03]} {[%emt 00:01:28]} 12. Nc3 {[%clk
01:20:02]} {[%emt 00:04:21]} Ne5 {[%clk 01:28:15]} {[%emt 00:01:18]} 13. Bg2
{[%clk 01:19:18]} {[%emt 00:01:15]} Ne4 {[%clk 01:24:38]} {[%emt 00:04:07]} 14.
Nxe4 {[%clk 01:18:03]} {[%emt 00:01:44]} dxe4 {[%clk 01:24:57]} {[%emt
00:00:11]} 15. Rad1 {[%clk 01:17:00]} {[%emt 00:01:33]} f6 {[%clk 01:23:25]}
{[%emt 00:02:02]} 16. Be3 {[%clk 01:16:54]} {[%emt 00:00:36]} Nc6 {[%clk
01:23:00]} {[%emt 00:00:55]} 17. Bxe4 {[%clk 01:16:52]} {[%emt 00:00:32]} Rd8
{[%clk 01:10:53]} {[%emt 00:12:37]} 18. Bxc6 {[%clk 01:16:18]} {[%emt
00:01:04]} Qxc6 {[%clk 01:09:38]} {[%emt 00:01:45]} 19. Bxd4 {[%clk 01:14:43]}
{[%emt 00:02:05]} b6 {[%clk 01:09:23]} {[%emt 00:00:45]} 20. Rc1 {[%clk
01:14:22]} {[%emt 00:00:52]} 1-0

[Event "DVM U20 2021"]
[Site "Kiel GER"]
[Date "2022.07.23"]
[Round "2"]
[White "Kulkovets, Roman"]
[Black "Kürschner, Liam"]
[Result "1-0"]
[Termination "normal"]
[Board "4.4"]
[WhiteElo "1374"]
[BlackElo "1891"]
[WhiteClock "01:35:02"]
[BlackClock "00:12:29"]
[WhiteTeam "Heilbronner SV"]
[BlackTeam "SK Langen"]
[PlyCount "65"]
[WhiteFideId "34119272"]
[BlackFideId "34609962"]
[EventCountry "GER"]
[EventRounds "7"]
[EventType "team-swiss"]
[EventDate "2022.07.22"]

1. e4 {[%clk 01:30:50]} {[%emt 00:00:09]} c5 {[%clk 01:30:30]} {[%emt
00:00:30]} 2. Nf3 {[%clk 01:31:15]} {[%emt 00:00:05]} g6 {[%clk 01:30:55]}
{[%emt 00:00:06]} 3. d4 {[%emt 00:00:07]} cxd4 {[%clk 01:31:20]} {[%emt
00:00:01]} 4. Nxd4 {[%clk 01:32:07]} {[%emt 00:00:04]} Bg7 {[%clk 01:31:44]}
{[%emt 00:00:06]} 5. Be3 {[%clk 01:32:13]} {[%emt 00:00:24]} Nc6 {[%clk
01:32:02]} {[%emt 00:00:12]} 6. Nc3 {[%clk 01:32:36]} {[%emt 00:00:07]} Nf6
{[%clk 01:32:27]} {[%emt 00:00:05]} 7. Bc4 {[%clk 01:32:58]} {[%emt 00:00:07]}
O-O {[%clk 01:32:40]} {[%emt 00:00:18]} 8. Bb3 {[%clk 01:33:23]} {[%emt
00:00:04]} d6 {[%clk 01:32:52]} {[%emt 00:00:20]} 9. f3 {[%clk 01:33:48]}
{[%emt 00:00:05]} Bd7 {[%clk 01:32:35]} {[%emt 00:00:47]} 10. Qd2 {[%clk
01:34:10]} {[%emt 00:00:08]} Rc8 {[%clk 01:32:13]} {[%emt 00:00:51]} 11. O-O-O
{[%clk 01:34:33]} {[%emt 00:00:07]} Ne5 {[%clk 01:32:17]} {[%emt 00:00:25]} 12.
g4 {[%clk 01:34:57]} {[%emt 00:00:07]} a6 {[%clk 01:30:11]} {[%emt 00:02:36]}
13. Rhg1 {[%clk 01:34:01]} {[%emt 00:01:26]} b5 {[%clk 01:27:56]} {[%emt
00:02:44]} 14. Bh6 {[%clk 01:34:08]} {[%emt 00:00:25]} b4 {[%clk 01:20:25]}
{[%emt 00:08:01]} 15. Nd5 {[%clk 01:33:00]} {[%emt 00:01:37]} Nxd5 {[%clk
01:19:41]} {[%emt 00:01:13]} 16. Bxd5 {[%clk 01:33:24]} {[%emt 00:00:07]} a5
{[%clk 01:19:18]} {[%emt 00:00:52]} 17. Nf5 {[%clk 01:33:30]} {[%emt 00:00:26]}
Bh8 {[%clk 01:07:59]} {[%emt 00:11:48]} 18. Bxf8 {[%clk 01:33:27]} {[%emt
00:00:33]} e6 {[%clk 00:42:50]} {[%emt 00:25:39]} 19. Be7 {[%clk 01:32:40]}
{[%emt 00:01:18]} Nxf3 {[%clk 00:30:54]} {[%emt 00:12:26]} 20. Bxd8 {[%clk
01:32:13]} {[%emt 00:00:56]} Nxd2 {[%clk 00:31:14]} {[%emt 00:00:10]} 21. Ne7+
{[%clk 01:32:37]} {[%emt 00:00:06]} Kf8 {[%clk 00:31:23]} {[%emt 00:00:20]} 22.
Nxc8 {[%clk 01:33:03]} {[%emt 00:00:06]} Bxc8 {[%clk 00:20:39]} {[%emt
00:11:12]} 23. Rxd2 {[%clk 01:31:39]} {[%emt 00:01:55]} exd5 {[%clk 00:20:46]}
{[%emt 00:00:23]} 24. Bxa5 {[%clk 01:31:49]} {[%emt 00:00:20]} dxe4 {[%clk
00:20:08]} {[%emt 00:01:08]} 25. Bxb4 {[%emt 00:00:05]} f5 {[%clk 00:19:52]}
{[%emt 00:00:45]} 26. Rxd6 {[%clk 01:32:39]} {[%emt 00:00:07]} Kf7 {[%clk
00:14:38]} {[%emt 00:05:42]} 27. Rd8 {[%clk 01:32:47]} {[%emt 00:00:23]} Bf6
{[%clk 00:14:34]} {[%emt 00:00:33]} 28. Rxc8 {[%clk 01:33:11]} {[%emt
00:00:07]} f4 {[%clk 00:15:00]} {[%emt 00:00:04]} 29. g5 {[%clk 01:33:22]}
{[%emt 00:00:19]} Bd4 {[%clk 00:15:11]} {[%emt 00:00:19]} 30. Re1 {[%clk
01:33:47]} {[%emt 00:00:05]} h5 {[%clk 00:13:13]} {[%emt 00:02:27]} 31. Rxe4
{[%clk 01:34:09]} {[%emt 00:00:09]} Be3+ {[%clk 00:12:06]} {[%emt 00:01:37]}
32. Kd1 {[%clk 01:34:37]} {[%emt 00:00:03]} h4 {[%clk 00:12:29]} {[%emt
00:00:06]} 33. Re7# {[%clk 01:35:02]} {[%emt 00:00:05]} 1-0